Využitie machine learningu na predikciu futbalových zápasov diplomová práca

Gespeichert in:
Bibliographische Detailangaben
1. Verfasser: Kováč, Ondrej, 1957-
Körperschaft: Fakulta hospodárskej informatiky EU. Katedra matematiky a aktuárstva
Weitere Verfasser: Slaninka, František, 1973-
Format: Buch
Sprache:Slowakisch
Veröffentlicht: Bratislava 2024
Tags: Tag hinzufügen
Keine Tags, Fügen Sie das erste Tag hinzu!

MARC

LEADER 00000nbm a2200000 4500
001 0301151
005 20250129085632.3
041 0 |a slo 
044 |a SK 
245 1 0 |a Využitie machine learningu na predikciu futbalových zápasov  |b diplomová práca  |c Ondrej Kováč ; školiteľ: František Slaninka 
264 1 |a Bratislava  |c 2024 
300 |a 86 s. 
100 1 |a Kováč, Ondrej, 1957- 
700 1 |a Slaninka, František, 1973- 
710 2 |a Fakulta hospodárskej informatiky EU. Katedra matematiky a aktuárstva